000 00284nam a2200109Ia 4500
001 1275998
005 20260417160438.0
008 260417s9999 xx 000 0 und d
020 _a9786258486643
245 0 _aMasal Krallığı - Kuşçu Ali
_cDidem Demirel
260 _bKetebe Çocuk
999 _c1275998
_d1275998